How to know God : (Record no. 125)

MARC details
000 -LEADER
fixed length control field 00655nam a2200229 a 4500
005 - DATE AND TIME OF LATEST TRANSACTION
control field 20260322212007.0
008 - FIXED-LENGTH DATA ELEMENTS--GENERAL INFORMATION
fixed length control field data
010 ## - LIBRARY OF CONGRESS CONTROL NUMBER
LC control number 99-042777
020 ## - INTERNATIONAL STANDARD BOOK NUMBER
International Standard Book Number 0609600788 (hardcover)
020 ## - INTERNATIONAL STANDARD BOOK NUMBER
International Standard Book Number 9780609600788 (hardcover)
040 ## - CATALOGING SOURCE
Original cataloging agency Donation
092 ## - LOCALLY ASSIGNED DEWEY CALL NUMBER (OCLC)
Classification number 291.44 C49 2000
001 - CONTROL NUMBER
control field data
100 1# - MAIN ENTRY--PERSONAL NAME
Personal name Chopra, Deepak.
245 10 - TITLE STATEMENT
Title How to know God :
Remainder of title the soul's journey into the mystery of mysteries
Statement of responsibility, etc. Deepak Chopra.
250 ## - EDITION STATEMENT
Edition statement 1st ed.
260 ## - PUBLICATION, DISTRIBUTION, ETC.
Place of publication, distribution, etc. New York
Name of publisher, distributor, etc. Crown Publishers
Date of publication, distribution, etc. c2000
300 ## - PHYSICAL DESCRIPTION
Extent 319 p. ;
Dimensions 25 cm.
500 ## - GENERAL NOTE
General note Includes bibliographical references (p. 306-311) and index.
650 #4 - SUBJECT ADDED ENTRY--TOPICAL TERM
Topical term or geographic name entry element God
General subdivision history
650 #4 - SUBJECT ADDED ENTRY--TOPICAL TERM
Topical term or geographic name entry element Spiritual life.
Holdings
Withdrawn status Lost status Damaged status Not for loan Home library Current library Shelving location Date acquired Total checkouts Full call number Barcode Date last seen Price effective from Koha item type
        Centerville Centerville General stacks 22/03/2026   GEN BC0010129 22/03/2026 22/03/2026 Books